00714 2200253 4500001002100000005001700021008004100038020001800079035002400097082001100121090001600132245008100148260005100229300003000280500002500310650002000335700002600355700002000381850001300401980001300414985000600427986001200433999001500445YOGYA-0209000001916520090227022941.0 ind  a979-420-080-8 0010-020900000019165 a632.72 a632.72bMan aManusia dan alang-alang di IndonesiacEditor Michael R. Dove, Sugeng Martopo aYogyakartabGadjah Mada University Pressc1987 axii, 286 hlmbilusc21 cm aTermasuk bibliografi aEkalogi manusia aDove, Michael R. Dove aMartopo, Sugeng aYOPDYOGB a07-03-06 a1 aPKL-ATM a99P0001970